000 00405nam a2200181Ia 4500
001 19695
005 20260306172712.0
008 260306t2010||||xx |||||||||||||| ||spa||
041 _aESP
082 _a341
_bD296
100 _aBonorino, Pablo Raúl
_eAUT
245 0 _aDworkin
260 _c2010
300 _a453 páginas :
_c24 cm.
650 _aGEN
654 _aCDE
942 _cLIB
_dJUS
_fJUS
_2ddc
_n
999 _c19695
_d19695